000 00682nam a2200217Ia 4500
003 GCL
008 140319s9999 xx 000 0 ara d
040 _aGCL /
_cGCL
082 0 4 _a811.9611
_bر ر
100 1 _aرشيد الذوادى
245 1 0 _aرحلة فى الشعر التونسى بعد ابى القاسم الشابى /
_cرشيد الذوادى
260 _a[S.N] :
_bالهيئة المصرية العامة للكتاب ،
_c1995
300 _a237 ص
490 _a
650 0 4 _aالشعر العربى
650 0 4 _aالادب العربى
650 0 4 _aالعصر الحديث
650 0 4 _aتونس
650 0 4 _aالمجموعات
942 _2ddc
_cBK
999 _c33334
_d33334